000 00992nam a22002297a 4500
999 _c5192
_d5192
003 AR-CdUCM
008 190312b ||||| |||| 00| 0 spa d
040 _aMUNICIPALIDAD PROVINCIAL DEL CUSCO
_cBIBLIOTECA MUNICIPAL DEL CUSCO
082 _a320.532 /
_bR41
100 _aRibao, Rennin
_915753
245 _aLa teoría del presidente Mao sobre los tres mundos constituye una gran contribución al marxismo leninismo /
260 _aPekin :
_bLenguas Extranjeras,
_c1977.
300 _a85 páginas ;
_c18 cm.
505 _aLa diferencia de los tres mundos en una tesis científica marxista sobre la actual situación mundial -- Las dos potencias hegemónicas, la unión soviética y EE.UU -- Países y pueblos del tercer mundo constituyen la fuerza principal en la lucha contra el imperialismo...
650 _aMarxismo.
_924
650 _aLeninismo.
_9845
650 _aTercer mundo.
_96952
650 _aMao
_915754
650 _aSocialismo.
_91037
942 _2ddc
_cLIBROS
945 _awfj